000
00227nam a2200097Ia 4500
005
20251222114340.0
008
251222s1900||||xx |||||||||||||| ||spa||
082
_a
DVD0092/S25U/2000
245
0
_a
Bautismo Agüita Fría:
942
_c
DVD
999
_c
820
_d
820